<?xml version="1.0" encoding="UTF-8"?>
<collection xmlns="http://www.loc.gov/MARC21/slim">
 <record>
  <leader>01486nam a22002658a 4500</leader>
  <controlfield tag="001">00020553</controlfield>
  <controlfield tag="005">20171026081025.0</controlfield>
  <controlfield tag="008">110518s2007                  ||||||Viesd</controlfield>
  <datafield tag="041" ind1="0" ind2="#">
   <subfield code="a">Vie</subfield>
  </datafield>
  <datafield tag="082" ind1="1" ind2="4">
   <subfield code="a">540.71</subfield>
   <subfield code="b">TH552H</subfield>
  </datafield>
  <datafield tag="100" ind1="0" ind2="#">
   <subfield code="a">Nguyễn Hữu Nhạc</subfield>
   <subfield code="e">Chủ biên</subfield>
  </datafield>
  <datafield tag="245" ind1="0" ind2="0">
   <subfield code="a">Thực hiện kế hoạch đào tạo ngành: Hóa học</subfield>
   <subfield code="b">Sách trợ giúp giáo viên cao đẳng sư phạm</subfield>
   <subfield code="c">Nguyễn Hữu Nhạc chủ biên. Hà Thị Ngân, Nguyễn Thị Thúy Hà</subfield>
  </datafield>
  <datafield tag="260" ind1="#" ind2="#">
   <subfield code="a">H.</subfield>
   <subfield code="b">Đại học sư phạm</subfield>
   <subfield code="c">2007</subfield>
  </datafield>
  <datafield tag="300" ind1="#" ind2="#">
   <subfield code="a">260 tr.</subfield>
   <subfield code="c">24 cm.</subfield>
  </datafield>
  <datafield tag="500" ind1="#" ind2="#">
   <subfield code="a">ĐTTS ghi: Bộ giáo dục và đào tạo. Dự án đào tạo giáo viên trung học cớ sở</subfield>
  </datafield>
  <datafield tag="650" ind1="#" ind2="4">
   <subfield code="a">Hóa học</subfield>
  </datafield>
  <datafield tag="650" ind1="#" ind2="4">
   <subfield code="a">Kế hoạch đào tạo</subfield>
  </datafield>
  <datafield tag="700" ind1="0" ind2="#">
   <subfield code="a">Hà Thị Ngân</subfield>
  </datafield>
  <datafield tag="700" ind1="0" ind2="#">
   <subfield code="a">Nguyễn Thị Thúy Hà</subfield>
  </datafield>
  <datafield tag="852" ind1="#" ind2="#">
   <subfield code="b">Kho giáo trình</subfield>
   <subfield code="j">KGT.0007490, KGT.0007491, KGT.0007492, KGT.0007493, KGT.0007494, KGT.0007495, KGT.0007496, KGT.0007497, KGT.0007498, KGT.0007499, KGT.0007500, KGT.0007501, KGT.0007502, KGT.0007503</subfield>
  </datafield>
  <datafield tag="852" ind1="#" ind2="#">
   <subfield code="b">Kho mượn</subfield>
   <subfield code="j">KGT.0007490</subfield>
  </datafield>
  <datafield tag="852" ind1="#" ind2="#">
   <subfield code="b">Kho đọc</subfield>
   <subfield code="j">KD.0005881</subfield>
  </datafield>
  <datafield tag="852" ind1="#" ind2="#">
   <subfield code="j">KD.0005881</subfield>
   <subfield code="j">KGT.0007491</subfield>
   <subfield code="j">KGT.0007492</subfield>
   <subfield code="j">KGT.0007494</subfield>
   <subfield code="j">KGT.0007495</subfield>
   <subfield code="j">KGT.0007497</subfield>
   <subfield code="j">KGT.0007498</subfield>
   <subfield code="j">KGT.0007500</subfield>
   <subfield code="j">KGT.0007501</subfield>
   <subfield code="j">KGT.0007503</subfield>
   <subfield code="j">KGT.0007490</subfield>
   <subfield code="j">KGT.0007493</subfield>
   <subfield code="j">KGT.0007496</subfield>
   <subfield code="j">KGT.0007499</subfield>
   <subfield code="j">KGT.0007502</subfield>
  </datafield>
  <datafield tag="910" ind1="0" ind2="#">
   <subfield code="a">Đức</subfield>
   <subfield code="d">18/05/2011</subfield>
  </datafield>
  <datafield tag="980" ind1="#" ind2="#">
   <subfield code="a">Trung tâm Học liệu Lê Vũ Hùng, Trường Đại học Đồng Tháp</subfield>
  </datafield>
 </record>
</collection>
